| 000 | 00346nam a2200145Ia 4500 | ||
|---|---|---|---|
| 008 | 200615s9999||||xx |||||||||||||| ||und|| | ||
| 020 | _a78812218101 | ||
| 082 |
_a624 _bLAB-A |
||
| 100 | _aASAWA,GL | ||
| 245 | 0 | _aLABORATORY WORK IN HYDRAULIC ENGINEERING | |
| 250 | _a10TH | ||
| 260 |
_aNew Delhi _bNEW AGE _c2015 |
||
| 300 | _a150 | ||
| 942 | _cBK | ||
| 999 |
_c28608 _d28608 |
||